00421nam a2200121Ia 4500008004100000100002300041245007200064245004400136260004900180260000900229650001300238856004800251170221s9999 xx 000 0 und d aC. Richard Torrisi aFDI in Hungary and Slovakia: the experience of smaller EU economies cC. Richard Torrisi, Suffolk University. bJournal of Management and Marketing Research c2013 xBusiness uhttp://www.aabri.com/manuscripts/152240.pdf